000 02655nam a22002537a 4500
003 Uzh_bibl
008 260325b |||||||| |||| 00| 0 ukr d
020 _a978-617-7884-07-0
_c150.00
040 _bукр.
041 _2eng
_aukr
080 _a821(73):741.5
090 _a821(73):741.5
_bТ 56
100 _aТобін,Пол
245 _aРослини проти Зомбі. Задирака
_cпер.з англ.О.Романюк ;худож.Р.Чан
_hТекст
260 _aКиїв
_bТуос Комікс
_c2022
300 _a96 с.
_bіл.
_fВ опр.
490 _aСерія"Комікси Dark Horse"
_vТ.3
520 _aУ МІСТЕЧКУ З’ЯВИЛАСЯ НОВА КОМАНДА ЗОМБІ. І ВОНИ ЖАДАЮТЬ РОЗПЛАТИ. Юні шукачі пригод Патріс і Нейт встигли помандрувати часом разом із захисником рідного району Шаленим Дейвом, але чи готові вони боронити вулиці від зомбі з вищою освітою?! У коміксі «Plants vs. Zombies: Задирака» вони вкотре спробують здолати доктора Зомбоса — а заразом і новоявлену команду зомбі, налаштовану перевершити мерзенний задум доктора Зомбоса, утіливши власний, ще мерзенніший задум! Пол Тобін (Prometheus, Bandette) і Рон Чан (The Guild, X-Men) об’єднують зусилля із загадковим немертвим Загоном по боротьбі з задираками, щоб принести вашій компанії веселу історію для всіх поколінь! Містить спеціальні бонусні історії, проілюстровані визнаними творцями: Дастіном Нгуєном, Дженніфер Л. Меєр і Пітером Беґґом, а також історію до Дня безкоштовних коміксів 2015 року! «Книшки понукають вчити… вчити всілякі штуки з книшки. Зомбі ліпші за рослини, не читайте частини про рослини, вони не добрі. Погані частини.
521 _aДля молодшого шкільного віку
546 _aукр.
650 _aЛітературно-художне видання
655 _aФантастика
_vграфічні комікси
942 _2udc
_cBK
999 _c17180
_d17180